01413nam a22003137a 4500003000400000005001600004007000400020008004100024010003100065024001800096035003000114040001300144245006800157260002700225300005000252440002700302500002900329500012900358508026000487538005200747538017100799650001900970700001800989700001601007700002201023700001701045700002101062700001601083dpl2008090303483.0DVD050907s2005 cau105 g 00| 0 eng d aDVD-000814-815 DVD-001083 a73658c599.00 aDVD-000814-815 DVD-001083 aDPLcDPL aPoseidonh[videorecording] DVD /cWarner Entertainment Company bSa Re Ga Ma India Ltd. a1 videocassette bsd., col. ;c4-3/4 in.fDVD aSa Re Ga Ma Home Video a"A Non Stop Action Film" aSpecial Features: Poseidon: A ship on a soundstage: The complexities of Making a Modern Adventure Movie, Theatrical Trailer  aDirector of photography, Oliver Wood ; art directors, Shepherd Frankel, Don Macaulay ; editor, William Hoy ; music, Miri Ben-Ari, John Ottman ; costume designer, Jose Fernandez, Wendy Partridge ; production designer, Bill Boes ; visual effects supervisors aDolby digital 5.1, English Subtitles in English aAspect Ratio 1:85.1,Presentation Type: Wide Screen, Presentation Size: 16x9, Format: DVD 9 Dual Layer Single Sided Disc. Layer Transition may trigger a slight pause.  aMotion Picture aRussell, Kurt aLucas, Josh aDreyfuss, Richard aRossum, Emmy aBarrett, Jacinda aVogel, Mike